Esteban Terradas (Record no. 7862)

MARC details
000 -LEADER
campo de control de longitud fija 01191nam a2200337 i 4500
001 - NÚMERO DE CONTROL
campo de control 7862
003 - IDENTIFICADOR DE NÚMERO DE CONTROL
campo de control ES-MaACL
005 - FECHA Y HORA DE LA ÚLTIMA TRANSACCIÓN
campo de control 20250805003716.0
007 - CAMPO FIJO DE DESCRIPCIÓN FÍSICA--INFORMACIÓN GENERAL
campo de control de longitud fija t|
008 - DATOS DE LONGITUD FIJA--INFORMACIÓN GENERAL
campo de control de longitud fija 910516s1990 sp ||||1| spa d
020 ## - NÚMERO INTERNACIONAL ESTÁNDAR DEL LIBRO
Número Internacional Estándar del Libro 84-7628-076-9
080 ## - NÚMERO DE LA CLASIFICACIÓN DECIMAL UNIVERSAL
Número de la Clasificación Decimal Universal 001(46)"19"
080 ## - NÚMERO DE LA CLASIFICACIÓN DECIMAL UNIVERSAL
Número de la Clasificación Decimal Universal 92 Terradas, Esteban
080 ## - NÚMERO DE LA CLASIFICACIÓN DECIMAL UNIVERSAL
Número de la Clasificación Decimal Universal 5/6(46)"19"
100 1# - ENTRADA PRINCIPAL--NOMBRE DE PERSONA
Nombre de persona Roca Rosell, Antoni.
9 (RLIN) 98010
245 10 - MENCIÓN DEL TÍTULO
Título Esteban Terradas
Resto del título : (1833-1950) : ciencia y tecnica en la España contemporanea /
Mención de responsabilidad, etc. Antoni Roca Rosell, Jose Manuel Sanchez Ron ; prologo de Enric Trillas.
250 ## - MENCION DE EDICION
Mención de edición 1a ed.
260 ## - PUBLICACIÓN, DISTRIBUCIÓN, ETC.
Lugar de publicación, distribución, etc. Madrid :
Nombre del editor, distribuidor, etc. Instituto Nacional de Tecnica Aeroespacial :
-- ; Barcelona : Serbal,
Fecha de publicación, distribución, etc. 1990.
300 ## - DESCRIPCIÓN FÍSICA
Extensión 358 p. :
Otras características físicas il. ;
Dimensiones 26 cm.
490 1# - MENCIÓN DE SERIE
Mención de serie Libros del buen andar ;
Designación de volumen o secuencia 25
500 ## - NOTA GENERAL
Nota general Indices.
504 ## - NOTA DE BIBLIOGRAFÍA, ETC.
Nota de bibliografía, etc. Bibliogr.: p. 339-350.
600 14 - PUNTO DE ACCESO ADICIONAL DE MATERIA--NOMBRE DE PERSONA
Nombre de persona Terradas, Esteban.
9 (RLIN) 109767
650 14 - PUNTO DE ACCESO ADICIONAL DE MATERIA--TÉRMINO DE MATERIA
Término de materia o nombre geográfico como elemento de entrada Ciencia-
Subdivisión geográfica España-
Subdivisión cronológica S.XX.
9 (RLIN) 10946
650 14 - PUNTO DE ACCESO ADICIONAL DE MATERIA--TÉRMINO DE MATERIA
Término de materia o nombre geográfico como elemento de entrada Tecnología-
Subdivisión geográfica España-
Subdivisión cronológica S.XX.
9 (RLIN) 17405
700 1# - ENTRADA AGREGADA--NOMBRE PERSONAL
Nombre de persona Sánchez Ron, José Manuel,
Fechas asociadas al nombre 1949-
9 (RLIN) 102904
700 1# - ENTRADA AGREGADA--NOMBRE PERSONAL
Nombre de persona Trillas, Enric.
9 (RLIN) 111427
830 0# - PUNTO DE ACCESO ADICIONAL DE SERIE-TÍTULO UNIFORME
Título uniforme Libros del buen andar ;
Designación de volumen o secuencia 25
9 (RLIN) 177977
852 ## - LOCALIZACIÓN
Ubicación ES-MaACL
Número de control de estantería L-15169
Sublocalización o colección R.119050
Nota libre . - cart.
Holdings
Estatus retirado Estado de pérdida Estado de daño No para préstamo Biblioteca de origen Biblioteca actual Ubicación en estantería Fecha de adquisición Fuente de adquisición Total de préstamos Signatura topográfica completa Código de barras Visto por última vez Precio de reemplazo Tipo de ítem Koha
        Biblioteca del Ateneo de Madrid Biblioteca del Ateneo de Madrid Depósito 2 17/01/2008     L-15169 1008019 23/02/2023 23/02/2023 Libro impreso